[Event "Brescia Province-ch"]
[Site "Ghedi"]
[Date "2015.02.01"]
[Round "6"]
[White "Dieli, Alberto"]
[Black "Poletti, Fausto"]
[Result "1/2-1/2"]
[WhiteElo "1935"]
[BlackElo "1928"]
[PlyCount "115"]
[EventDate "2015.01.24"]
[EventType "swiss"]
[EventRounds "6"]
[EventCountry "ITA"]
[SourceTitle "EXT 2017"]
[Source "ChessBase"]
[SourceDate "2016.10.25"]
[SourceVersion "1"]
[SourceVersionDate "2016.10.25"]
[SourceQuality "1"]

1. e4 c5 2. Nf3 Nc6 3. d4 cxd4 4. Nxd4 Nf6 5. Nc3 e5 6. Ndb5 d6 7. Bg5 a6 8. Na3 b5 9. Nd5 Be7 10. Bxf6 Bxf6 11. c3 0-0 12. Be2 Bg5 13. 0-0 Kh8 14. Qd3 f5 15. Bf3 f4 16. Rad1 Be6 17. Rd2 Rb8 18. Nc2 Qc8 19. Rfd1 Rd8 20. Qe2 g6 21. Ncb4 Nxb4 22. Nxb4 Be7 23. Nd5 Bf8 24. Rc1 h5 25. Bxh5 Bxd5 26. Bxg6 Be6 27. Qh5+ Kg7 28. g4 Bxg4 29. Qh7+ Kf6 30. Bf7 Bf5 31. exf5 Qxf5 32. Qxf5+ Kxf5 33. f3 Rb7 34. Bd5 Rg7+ 35. Kh1 Rdd7 36. a3 Rc7 37. Rg1 Rxg1+ 38. Kxg1 Be7 39. Rg2 Rc5 40. Rd2 Rc7 41. Kf1 Rc5 42. Ke2 a5 43. Rd3 Rc8 44. Kf2 Rc5 45. b3 Rc8 46. c4 bxc4 47. Be4+ Kf6 48. Rc3 Bd8 49. Bd5 Bb6+ 50. Kg2 Rc5 51. bxc4 Rc7 52. Rb3 Bc5 53. Rb5 Bxa3 54. Rxa5 Bc5 55. Ra2 Rg7+ 56. Kh3 Rh7+ 57. Kg2 Rg7+ 58. Kh3 1/2-1/2

[Event "Brescia Province-ch"]
[Site "Ghedi"]
[Date "2015.01.31"]
[Round "4"]
[White "Dieli, Alberto"]
[Black "Burimi, Ilir"]
[Result "0-1"]
[WhiteElo "1935"]
[BlackElo "1931"]
[PlyCount "98"]
[EventDate "2015.01.24"]
[EventType "swiss"]
[EventRounds "6"]
[EventCountry "ITA"]
[SourceTitle "EXT 2017"]
[Source "ChessBase"]
[SourceDate "2016.10.25"]
[SourceVersion "1"]
[SourceVersionDate "2016.10.25"]
[SourceQuality "1"]

1. e4 c5 2. Nf3 Nc6 3. d4 cxd4 4. Nxd4 e6 5. Nc3 Qc7 6. Be3 a6 7. Be2 Nf6 8. Qd2 Bb4 9. f3 Ne5 10. 0-0 Nc4 11. Bxc4 Qxc4 12. Qd3 Qc7 13. Nce2 d5 14. e5 Qxe5 15. Bf4 Qh5 16. a3 Bc5 17. b4 Bxd4+ 18. Qxd4 0-0 19. Bd6 Re8 20. Qb6 e5 21. Rfe1 Qg6 22. c3 Bh3 23. Ng3 Nd7 24. Qe3 Qxd6 25. gxh3 Qe6 26. Kg2 f5 27. Qg5 g6 28. h4 Qf6 29. Rad1 Qxg5 30. hxg5 Nb6 31. h4 Rad8 32. h5 f4 33. Ne2 Nc4 34. Kf2 Nxa3 35. hxg6 hxg6 36. Rh1 Kg7 37. Rh4 Nc4 38. Nc1 Ne3 39. Rd3 Rh8 40. Rxh8 Rxh8 41. Rxe3 fxe3+ 42. Kxe3 Rh4 43. Nd3 e4 44. Nc5 Rh3 45. Nxb7 Rxf3+ 46. Ke2 Rxc3 47. Nd8 Rc4 48. Ne6+ Kf7 49. Nf4 d4 0-1

[Event "Brescia Province-ch"]
[Site "Ghedi"]
[Date "2015.01.25"]
[Round "3"]
[White "Brugaletta, Giorgio"]
[Black "Dieli, Alberto"]
[Result "0-1"]
[WhiteElo "1737"]
[BlackElo "1935"]
[PlyCount "94"]
[EventDate "2015.01.24"]
[EventType "swiss"]
[EventRounds "6"]
[EventCountry "ITA"]
[SourceTitle "EXT 2017"]
[Source "ChessBase"]
[SourceDate "2016.10.25"]
[SourceVersion "1"]
[SourceVersionDate "2016.10.25"]
[SourceQuality "1"]

1. c4 Nf6 2. Nc3 g6 3. d4 Bg7 4. e4 d6 5. Nf3 0-0 6. Bd3 c5 7. d5 e6 8. 0-0 exd5 9. exd5 a6 10. Rb1 Re8 11. h3 Nh5 12. Bd2 h6 13. a3 Nd7 14. Ne4 Ne5 15. Nxe5 Rxe5 16. Bc3 Re8 17. Bxg7 Kxg7 18. Qf3 f5 19. Ng3 Nf6 20. Rfe1 b5 21. b3 Re5 22. Re3 Ra7 23. a4 Rae7 24. Rbe1 bxa4 25. bxa4 Bd7 26. Bc2 Qe8 27. Rxe5 Rxe5 28. Rxe5 Qxe5 29. Qe2 Qa1+ 30. Kh2 Qe5 31. Qxe5 dxe5 32. f3 Ne8 33. Kg1 Nd6 34. Bb3 Nb7 35. Ne2 Na5 36. Nc1 Kf6 37. Kf2 g5 38. Ke3 h5 39. Kd3 h4 40. Bd1 Nb7 41. Nb3 Bxa4 42. Na5 Nxa5 43. Bxa4 Nb7 44. Bc6 Nd6 45. Ba4 e4+ 46. fxe4 fxe4+ 47. Ke3 Ke5 0-1

[Event "Bratto op-B 33rd"]
[Site "Bratto"]
[Date "2013.08.25"]
[Round "8"]
[White "Mortola, Alberto"]
[Black "Dieli, Alberto"]
[Result "1-0"]
[WhiteElo "1936"]
[BlackElo "1974"]
[PlyCount "51"]
[EventDate "2013.08.18"]
[EventType "swiss"]
[EventRounds "8"]
[EventCountry "ITA"]
[SourceTitle "EXT 2015"]
[Source "ChessBase"]
[SourceDate "2014.11.20"]
[SourceVersion "1"]
[SourceVersionDate "2014.11.20"]
[SourceQuality "1"]

1. b4 e5 2. Bb2 d6 3. e4 Nf6 4. Bc4 Nc6 5. b5 Na5 6. Bd3 Be6 7. f4 exf4 8. Nf3 Nc4 9. Bd4 Ne5 10. 0-0 Qd7 11. Nc3 Bg4 12. Be2 0-0-0 13. Bxa7 Bxf3 14. Bxf3 g5 15. Be2 d5 16. Bd4 Re8 17. exd5 Bg7 18. a4 Nxd5 19. Kh1 f5 20. a5 Nf6 21. Bxe5 Rxe5 22. a6 Kb8 23. axb7 Kxb7 24. Bf3+ Nd5 25. Nxd5 Rxd5 26. c4 1-0

[Event "Bratto op-B 33rd"]
[Site "Bratto"]
[Date "2013.08.22"]
[Round "5"]
[White "Benazzo, Angelo"]
[Black "Dieli, Alberto"]
[Result "0-1"]
[WhiteElo "1788"]
[BlackElo "1974"]
[PlyCount "126"]
[EventDate "2013.08.18"]
[EventType "swiss"]
[EventRounds "8"]
[EventCountry "ITA"]
[SourceTitle "EXT 2015"]
[Source "ChessBase"]
[SourceDate "2014.11.20"]
[SourceVersion "1"]
[SourceVersionDate "2014.11.20"]
[SourceQuality "1"]

1. Nf3 Nf6 2. g3 g6 3. Bg2 Bg7 4. 0-0 0-0 5. d3 d5 6. Nbd2 Nc6 7. c3 e5 8. Qc2 Bg4 9. h3 Be6 10. e4 dxe4 11. dxe4 Qd7 12. Ng5 Rad8 13. Nxe6 Qxe6 14. Nb3 Qc4 15. Nd2 Qe2 16. Qa4 Rxd2 17. Bxd2 Qxd2 18. Qb5 Rb8 19. Rad1 Qc2 20. Rc1 Qd2 21. Rcd1 Qg5 22. Rd3 a6 23. Qa4 Bf8 24. Qc4 Bd6 25. b4 Nh5 26. Rf3 Qe7 27. Kh2 Nd8 28. a3 Ne6 29. h4 h6 30. Bh3 Nhg7 31. Rh1 Rf8 32. Qd5 b6 33. Qd2 Kh7 34. Rd3 f5 35. f3 f4 36. g4 Qxh4 37. Kg1 Qe7 38. Bf1 h5 39. Rd5 Ra8 40. Bc4 h4 41. Qh2 g5 42. Qe2 a5 43. Kg2 axb4 44. axb4 Qd7 45. Rhd1 Qa4 46. R5d2 Qe8 47. Bb5 Qe7 48. Bc6 Ra3 49. Rc2 Ne8 50. Bd5 Nf6 51. Ba2 Kg6 52. Qc4 Nd8 53. Qd3 Nc6 54. Qd2 Qd7 55. Kh3 Nxb4 56. Rb2 Nxa2 57. Rxa2 Qa4 58. Rda1 Rxa2 59. Rxa2 Qc4 60. Ra1 Nd7 61. Ra8 Qf1+ 62. Kh2 Nf6 63. Qa2 Kg7 0-1

[Event "Bratto op-B 33rd"]
[Site "Bratto"]
[Date "2013.08.20"]
[Round "3"]
[White "Vlug, Andre"]
[Black "Dieli, Alberto"]
[Result "1/2-1/2"]
[WhiteElo "1847"]
[BlackElo "1974"]
[PlyCount "63"]
[EventDate "2013.08.18"]
[EventType "swiss"]
[EventRounds "8"]
[EventCountry "ITA"]
[SourceTitle "EXT 2015"]
[Source "ChessBase"]
[SourceDate "2014.11.20"]
[SourceVersion "1"]
[SourceVersionDate "2014.11.20"]
[SourceQuality "1"]

1. e4 e5 2. Nf3 Nc6 3. d4 exd4 4. Bc4 Bc5 5. c3 d3 6. 0-0 d6 7. b4 Bb6 8. a4 Bg4 9. Qxd3 a5 10. b5 Ne5 11. Nxe5 dxe5 12. Qg3 Nf6 13. Qxe5+ Qe7 14. Qxe7+ Kxe7 15. Ba3+ Ke8 16. e5 Nd7 17. Bd5 Nxe5 18. Re1 f6 19. c4 Kd7 20. c5 Nd3 21. c6+ bxc6 22. Bxc6+ Kd8 23. Re7 Ra7 24. Ra2 Nb4 25. Bxb4 axb4 26. Rxg7 Bf5 27. Nd2 Be6 28. Ra1 Bd4 29. Re1 Be5 30. f4 Bd4+ 31. Kf1 f5 32. Rg3 1/2-1/2

[Event "Bratto op-B 33rd"]
[Site "Bratto"]
[Date "2013.08.18"]
[Round "1"]
[White "Kravchenko, Oleg"]
[Black "Dieli, Alberto"]
[Result "1-0"]
[WhiteElo "1805"]
[BlackElo "1974"]
[PlyCount "65"]
[EventDate "2013.08.18"]
[EventType "swiss"]
[EventRounds "8"]
[EventCountry "ITA"]
[SourceTitle "EXT 2015"]
[Source "ChessBase"]
[SourceDate "2014.11.20"]
[SourceVersion "1"]
[SourceVersionDate "2014.11.20"]
[SourceQuality "1"]

1. d4 Nf6 2. c4 g6 3. Nc3 Bg7 4. e4 d6 5. Nf3 0-0 6. Be2 Nbd7 7. 0-0 e5 8. d5 h6 9. Ne1 Qe7 10. Be3 Kh7 11. Nd3 Nb6 12. c5 Nc4 13. cxd6 cxd6 14. Bc1 Nb6 15. a4 Ne8 16. a5 Nd7 17. Be3 f5 18. f3 f4 19. Bf2 Ndf6 20. a6 b6 21. Nb4 Bd7 22. Nb5 Rf7 23. Rc1 Bc8 24. Rc3 Nd7 25. Nc6 Qg5 26. Nbxa7 Bxa6 27. Bxa6 Nc5 28. Bb5 Rb7 29. Ra3 h5 30. Be2 h4 31. Kh1 Nf6 32. Qe1 Qh5 33. Bxh4 1-0

[Event "Provaglio Primavera op"]
[Site "Provaglio"]
[Date "2013.04.12"]
[Round "6"]
[White "Dieli, Alberto"]
[Black "Massetti, Euro"]
[Result "1-0"]
[WhiteElo "1949"]
[BlackElo "1919"]
[PlyCount "89"]
[EventDate "2013.03.08"]
[EventType "swiss"]
[EventRounds "7"]
[EventCountry "ITA"]
[SourceTitle "EXT 2014"]
[Source "ChessBase"]
[SourceDate "2013.11.20"]
[SourceVersion "1"]
[SourceVersionDate "2013.11.20"]
[SourceQuality "1"]

1. d4 Nf6 2. c4 e6 3. Nc3 Bb4 4. Qc2 d5 5. Bg5 h6 6. Bh4 g5 7. Bg3 Ne4 8. f3 Nxg3 9. hxg3 Qd6 10. Kf2 Bxc3 11. Qxc3 Nc6 12. c5 Qe7 13. e3 Qf6 14. Bb5 Bd7 15. Ne2 0-0-0 16. g4 Rde8 17. Rh2 e5 18. Bxc6 bxc6 19. dxe5 Qxe5 20. Qxe5 Rxe5 21. Nd4 f5 22. gxf5 Bxf5 23. Nxc6 Re6 24. Nxa7+ Kd7 25. c6+ Ke7 26. g4 Bd3 27. Rd1 Bc4 28. b3 Ra8 29. Nc8+ Rxc8 30. bxc4 dxc4 31. Rc1 Rxc6 32. Kg3 Ra8 33. Rhc2 Ra4 34. e4 Kf6 35. Rc3 Ke5 36. R1c2 Kd4 37. a3 Ke5 38. Rd2 Rd6 39. Rdc2 Rc6 40. Kf2 Kf4 41. Re2 Re6 42. Ree3 Re5 43. Rc1 Re6 44. Rd1 Rd6 45. e5 1-0

[Event "Provaglio Primavera op"]
[Site "Provaglio"]
[Date "2013.03.15"]
[Round "2"]
[White "Ghidinelli, Giorgio"]
[Black "Dieli, Alberto"]
[Result "0-1"]
[WhiteElo "1902"]
[BlackElo "1949"]
[PlyCount "88"]
[EventDate "2013.03.08"]
[EventType "swiss"]
[EventRounds "7"]
[EventCountry "ITA"]
[SourceTitle "EXT 2014"]
[Source "ChessBase"]
[SourceDate "2013.11.20"]
[SourceVersion "1"]
[SourceVersionDate "2013.11.20"]
[SourceQuality "1"]

1. d4 Nf6 2. Nf3 g6 3. g3 Bg7 4. Bg2 0-0 5. 0-0 d5 6. Ne5 c6 7. h3 Nfd7 8. Nxd7 Nxd7 9. c3 e5 10. dxe5 Nxe5 11. Na3 f5 12. Be3 Qe7 13. Re1 b6 14. Qc1 Nf7 15. Nc2 Nd6 16. Bh6 Ne4 17. Bxg7 Kxg7 18. e3 Qg5 19. Nd4 Qf6 20. Qc2 h5 21. Qe2 Bd7 22. Kh2 Qe5 23. f4 Qe7 24. Nf3 b5 25. Ne5 Be8 26. Bxe4 fxe4 27. Qd2 Bd7 28. Qd4 Kh7 29. Rh1 Qe6 30. Kg2 Rfb8 31. a3 Rb7 32. Raf1 Rf8 33. g4 Be8 34. Rf2 Re7 35. Rhf1 g5 36. gxh5 Bxh5 37. Qc5 gxf4 38. exf4 Rg8+ 39. Kh2 Reg7 40. Qxc6 Qxc6 41. Nxc6 e3 42. Rc2 e2 43. Re1 Rg2+ 44. Kh1 Rg1+ 0-1

[Event "Brescia Province-ch"]
[Site "Provaglio"]
[Date "2012.04.20"]
[Round "8"]
[White "Dieli, Alberto"]
[Black "Bosio, Devis"]
[Result "1-0"]
[WhiteElo "1947"]
[BlackElo "2066"]
[PlyCount "146"]
[EventDate "2012.03.02"]
[EventType "swiss"]
[EventRounds "8"]
[EventCountry "ITA"]
[SourceTitle "EXT 2024"]
[Source "ChessBase"]
[SourceDate "2023.10.10"]
[SourceVersion "1"]
[SourceVersionDate "2023.10.10"]
[SourceQuality "1"]

1. e4 c6 2. d4 d5 3. Nc3 dxe4 4. Nxe4 Bf5 5. Ng3 Bg6 6. h4 h6 7. h5 Bh7 8. Nf3 Nd7 9. Bd3 Bxd3 10. Qxd3 Qc7 11. Rh4 e6 12. Ne4 Ngf6 13. Nxf6+ Nxf6 14. Ne5 0-0-0 15. Bd2 Bd6 16. Nc4 c5 17. 0-0-0 cxd4 18. Nxd6+ Qxd6 19. Qc4+ Qc6 20. Rxd4 Nxh5 21. Be3 Qxc4 22. Rxc4+ Kb8 23. Bd4 Nf6 24. Be5+ Ka8 25. Rh1 b5 26. Rf4 Nd5 27. Rxf7 Rhf8 28. Rxg7 Rxf2 29. Bd4 Rf4 30. Rd1 Nb6 31. Rxa7+ Kxa7 32. Bxb6+ Kxb6 33. Rxd8 Kc5 34. b3 Rf1+ 35. Kb2 Rf2 36. g3 e5 37. Rh8 e4 38. Rxh6 Kd4 39. a4 bxa4 40. bxa4 e3 41. Re6 Rf5 42. g4 Rg5 43. Kb3 Rxg4 44. a5 Rg3 45. Kb4 Rg4 46. Kb3 Re4 47. Rxe4+ Kxe4 48. a6 e2 49. a7 e1Q 50. a8Q+ Kf5 51. Qf8+ Kg6 52. Qd6+ Kf7 53. Qf4+ Kg6 54. Qg4+ Kf7 55. Qf5+ Ke7 56. c4 Qe3+ 57. Kb4 Qd2+ 58. Kb5 Qb2+ 59. Kc6 Qg2+ 60. Kb6 Qb2+ 61. Qb5 Qf6+ 62. Kb7 Qf3+ 63. Qc6 Qb3+ 64. Ka6 Qa3+ 65. Kb6 Qb2+ 66. Ka7 Qa3+ 67. Kb8 Qd6+ 68. Kb7 Qb4+ 69. Kc8 Qd6 70. Qc7+ Ke6 71. c5 Qf8+ 72. Kb7 Kd5 73. c6 Qb4+ 1-0

[Event "Brescia Province-ch"]
[Site "Provaglio"]
[Date "2012.04.06"]
[Round "6"]
[White "Dieli, Alberto"]
[Black "Cattaneo, Ugo"]
[Result "1-0"]
[WhiteElo "1947"]
[BlackElo "1827"]
[PlyCount "149"]
[EventDate "2012.03.02"]
[EventType "swiss"]
[EventRounds "8"]
[EventCountry "ITA"]
[SourceTitle "EXT 2024"]
[Source "ChessBase"]
[SourceDate "2023.10.10"]
[SourceVersion "1"]
[SourceVersionDate "2023.10.10"]
[SourceQuality "1"]

1. e4 e5 2. Nf3 Nc6 3. Bb5 Bc5 4. 0-0 d6 5. d3 Nf6 6. c3 0-0 7. Bg5 h6 8. Bh4 Bg4 9. Nbd2 g5 10. Bg3 Nh5 11. Kh1 Nf4 12. Bxf4 exf4 13. d4 Bb6 14. Nc4 d5 15. Bxc6 bxc6 16. exd5 cxd5 17. Nce5 Bh5 18. Qb3 f6 19. Nc6 Qd7 20. Qxd5+ Qxd5 21. Ne7+ Kg7 22. Nxd5 Rfe8 23. Rfe1 Kf7 24. Nd2 c6 25. Nxb6 axb6 26. a3 Be2 27. f3 f5 28. Kg1 Re3 29. Kf2 Rae8 30. Nf1 Bxf1 31. Kxf1 Ke6 32. Rxe3+ fxe3 33. Ke2 f4 34. Rh1 Kd5 35. Kd3 b5 36. b3 e2 37. Kd2 Ra8 38. Ra1 b4 39. c4+ Kxd4 40. a4 Re8 41. a5 Kc5 42. Ke1 Re3 43. a6 Re8 44. a7 Ra8 45. Kxe2 Kd4 46. Kd2 h5 47. Ra6 g4 48. Ra1 gxf3 49. gxf3 h4 50. h3 Ke5 51. Ra5+ Kd4 52. Ra6 Ke5 53. Rxc6 Rxa7 54. Rc5+ Ke6 55. Rb5 Ra2+ 56. Kd3 Rh2 57. Ke4 Rxh3 58. Kxf4 Rh1 59. Rxb4 Rg1 60. Rb6+ Kd7 61. Ke4 Rb1 62. Kf4 Rg1 63. Rh6 Rb1 64. Rxh4 Rxb3 65. Kg3 Rc3 66. Re4 Rc1 67. Kg4 Rg1+ 68. Kf5 Kd6 69. f4 Kc5 70. Kf6 Rg4 71. Ke5 Rg8 72. f5 Re8+ 73. Kf4 Rf8 74. Kg5 Rg8+ 75. Kf6 1-0

[Event "Brescia Province-ch"]
[Site "Provaglio"]
[Date "2012.03.30"]
[Round "5"]
[White "Schaberg, Wolfgang"]
[Black "Dieli, Alberto"]
[Result "1/2-1/2"]
[WhiteElo "1886"]
[BlackElo "1947"]
[PlyCount "85"]
[EventDate "2012.03.02"]
[EventType "swiss"]
[EventRounds "8"]
[EventCountry "ITA"]
[SourceTitle "EXT 2024"]
[Source "ChessBase"]
[SourceDate "2023.10.10"]
[SourceVersion "1"]
[SourceVersionDate "2023.10.10"]
[SourceQuality "1"]

1. c4 g6 2. Nc3 Nf6 3. Nf3 c5 4. g3 Bg7 5. Bg2 0-0 6. 0-0 Nc6 7. a3 d6 8. d3 Bg4 9. Rb1 Qd7 10. Re1 Nh5 11. Nd5 e6 12. Ne3 f5 13. Ng5 Nf6 14. b4 h6 15. Nxg4 fxg4 16. Ne4 Nxe4 17. Bxe4 Qf7 18. Rf1 d5 19. cxd5 exd5 20. Bg2 cxb4 21. axb4 Rae8 22. b5 Nd4 23. Be3 h5 24. Bxd4 Bxd4 25. e3 Bb6 26. d4 Rc8 27. Qd3 Rc7 28. Qa3 Rfc8 29. Rbc1 Rxc1 30. Rxc1 Rd8 31. h3 Qe6 32. hxg4 hxg4 33. Kf1 Kg7 34. Ke2 Qf6 35. Qb3 Rf8 36. Rf1 Rd8 37. Qb2 Qf5 38. Qb3 Rd6 39. Qa2 Qe6 40. Rd1 Qd7 41. Qb3 Qf5 42. Qa2 Rf6 43. Rf1 1/2-1/2

[Event "Brescia Province-ch"]
[Site "Provaglio"]
[Date "2012.03.16"]
[Round "3"]
[White "Massetti, Euro"]
[Black "Dieli, Alberto"]
[Result "1-0"]
[WhiteElo "1898"]
[BlackElo "1947"]
[PlyCount "49"]
[EventDate "2012.03.02"]
[EventType "swiss"]
[EventRounds "8"]
[EventCountry "ITA"]
[SourceTitle "EXT 2024"]
[Source "ChessBase"]
[SourceDate "2023.10.10"]
[SourceVersion "1"]
[SourceVersionDate "2023.10.10"]
[SourceQuality "1"]

1. c4 e5 2. Nc3 Nf6 3. g3 Bc5 4. Bg2 Nc6 5. Nf3 a6 6. 0-0 0-0 7. a3 Rb8 8. b4 Bd4 9. Bb2 d6 10. Qc2 Bg4 11. e3 Ba7 12. Ne4 Nxe4 13. Qxe4 f5 14. Qc2 e4 15. Qc3 Qe7 16. Nh4 Be2 17. Rfe1 Bd3 18. Bh3 Ne5 19. Nxf5 Rxf5 20. Bxf5 Rf8 21. Bh3 Qf6 22. Rf1 Bxc4 23. Qxc4+ Nxc4 24. Bxf6 Rxf6 25. Rfc1 1-0

[Event "Brescia Province-ch"]
[Site "Provaglio"]
[Date "2012.03.09"]
[Round "2"]
[White "Dieli, Alberto"]
[Black "Dieli, Riccardo"]
[Result "1/2-1/2"]
[WhiteElo "1947"]
[BlackElo "1861"]
[PlyCount "124"]
[EventDate "2012.03.02"]
[EventType "swiss"]
[EventRounds "8"]
[EventCountry "ITA"]
[SourceTitle "EXT 2024"]
[Source "ChessBase"]
[SourceDate "2023.10.10"]
[SourceVersion "1"]
[SourceVersionDate "2023.10.10"]
[SourceQuality "1"]

1. e4 c5 2. Nf3 Nc6 3. d4 cxd4 4. Nxd4 g6 5. c3 Bg7 6. Bc4 d6 7. 0-0 Nf6 8. f3 0-0 9. Be3 a6 10. Qd2 Re8 11. Rd1 Qc7 12. Na3 b5 13. Nxc6 Qxc6 14. Bb3 a5 15. c4 b4 16. Nb5 a4 17. Bc2 Be6 18. Qxb4 Bxc4 19. Na3 Rec8 20. Bd4 Be6 21. Rac1 Rcb8 22. Bb1 Rxb4 23. Rxc6 Nd7 24. Bxg7 Kxg7 25. Rc2 Rab8 26. Rdd2 f5 27. Re2 Kf6 28. exf5 Bxf5 29. Rcd2 Bxb1 30. Nxb1 Ne5 31. Nc3 Kf7 32. a3 Rc4 33. Nd5 e6 34. Nb4 Rb6 35. Rc2 Rxc2 36. Rxc2 Kf6 37. Kf2 d5 38. Ke3 Nc4+ 39. Kd4 Rb5 40. f4 h5 41. g3 Kf5 42. h3 Na5 43. Ke3 Nc4+ 44. Kf3 Rb6 45. Re2 Kf6 46. Rc2 Ke7 47. g4 hxg4+ 48. hxg4 Kf6 49. Rh2 Kg7 50. Re2 Kf6 51. g5+ Kf7 52. Rh2 Kg7 53. Nd3 Rb3 54. Ke2 Nxb2 55. Nc5 Rxa3 56. Nxe6+ Kf7 57. Nc7 Nc4 58. Rh7+ Kg8 59. Rd7 Re3+ 60. Kf2 a3 61. Nxd5 a2 62. Nf6+ Kf8 1/2-1/2